Spoločnosť vo svetle sociológie

Saved in:
Bibliographic Details
Main Author: Gál, Fedor
Other Authors: Alan, Josef
Format: Book
Language:Slovak
Published: Bratislava Smena 1987
Edition:1. vyd.
Tags: Add Tag
No Tags, Be the first to tag this record!

MARC

LEADER 00000nam a2200000 4500
001 c024139
005 20221219095226.8
041 0 |a slo 
044 |a SK 
245 1 0 |a Spoločnosť vo svetle sociológie  |c Fedor Gál, Josef Alan 
250 |a 1. vyd. 
264 1 |a Bratislava  |b Smena  |c 1987 
300 |a 227 s. 
100 1 |a Gál, Fedor 
700 1 |a Alan, Josef